[Event "FICGS rapid B 000179 email"]
[Site "FICGS email"]
[Date "2011.03.13"]
[Round "1"]
[White "Chobaut, Nicolas"]
[Black "Chang, Henk"]
[Result "1-0"]
[WhiteElo "1704"]
[BlackElo "1800"]
[PlyCount "77"]
[EventDate "2011.??.??"]
[EventType "tourn (rapid)"]
[EventRounds "6"]
[SourceTitle "Corr 2013"]
[Source "ChessBase"]
[SourceDate "2012.11.12"]
[SourceVersion "1"]
[SourceVersionDate "2012.11.12"]
[SourceQuality "1"]

1. c4 g6 2. Nf3 Bg7 3. Nc3 Nf6 4. g3 0-0 5. Bg2 c6 6. 0-0 d5 7. d3 Be6 8. Qb3 Qb6 9. Qxb6 axb6 10. cxd5 Nxd5 11. Bd2 Nxc3 12. Bxc3 Bxa2 13. Bxg7 Kxg7 14. Ne5 f6 15. Nc4 Nd7 16. b4 Bxc4 17. dxc4 Ne5 18. b5 Nxc4 19. bxc6 bxc6 20. Bxc6 Rac8 21. Bd5 b5 22. Ra7 Rfe8 23. Rb1 Rc5 24. Bg2 Kf8 25. h4 Rec8 26. Rb7 Nd2 27. R1xb5 Rc1+ 28. Kh2 Nf1+ 29. Kh3 h5 30. Rd7 Re1 31. Rbb7 Re8 32. e3 Kf7 33. Bd5+ Kf8 34. Kg2 g5 35. hxg5 fxg5 36. Bc6 Rc8 37. Bb5 Rcc1 38. Rxe7 Nd2 39. Re8# 1-0

[Event "FICGS class C 000171 email"]
[Site "FICGS email"]
[Date "2011.03.09"]
[Round "1"]
[White "Chobaut, Nicolas"]
[Black "Boi, Paolo"]
[Result "0-1"]
[WhiteElo "1704"]
[BlackElo "1600"]
[PlyCount "54"]
[EventDate "2011.??.??"]
[EventType "tourn (corr)"]
[EventRounds "6"]
[SourceTitle "Corr 2013"]
[Source "ChessBase"]
[SourceDate "2012.11.12"]
[SourceVersion "1"]
[SourceVersionDate "2012.11.12"]
[SourceQuality "1"]

1. d4 Nf6 2. c4 e6 3. Nf3 d5 4. g3 c5 5. Bg2 cxd4 6. 0-0 Nc6 7. Nxd4 Qb6 8. e3 Bc5 9. Nb3 dxc4 10. Nxc5 Qxc5 11. Na3 e5 12. Qa4 Be6 13. b3 cxb3 14. axb3 0-0 15. Bb2 Bd5 16. Rac1 Qb4 17. Qxb4 Nxb4 18. Rc7 Nd3 19. Ba1 Rac8 20. Re7 Rfe8 21. Rxe8+ Rxe8 22. Rd1 Bxg2 23. Kxg2 Rd8 24. Kf3 e4+ 25. Ke2 Ng4 26. f3 Nf4+ 27. gxf4 exf3+ 0-1

[Event "FICGS rapid B 000163 email"]
[Site "FICGS email"]
[Date "2010.10.24"]
[Round "1"]
[White "Chobaut, Nicolas"]
[Black "Ropokis, Dimitrios"]
[Result "0-1"]
[WhiteElo "1723"]
[BlackElo "1738"]
[PlyCount "110"]
[EventDate "2010.??.??"]
[EventType "tourn (rapid)"]
[EventRounds "1"]
[SourceTitle "Corr 2013"]
[Source "ChessBase"]
[SourceDate "2012.11.12"]
[SourceVersion "1"]
[SourceVersionDate "2012.11.12"]
[SourceQuality "1"]

1. c4 c5 2. Nf3 Nf6 3. Nc3 Nc6 4. g3 e5 5. Bg2 d6 6. d3 Be7 7. Bg5 h6 8. Bxf6 Bxf6 9. Rb1 0-0 10. a3 Bf5 11. b4 cxb4 12. axb4 e4 13. Nxe4 Bxe4 14. dxe4 Bc3+ 15. Nd2 Bxb4 16. 0-0 a5 17. Nb3 Ne5 18. Qd5 Qc7 19. Rfc1 a4 20. Nd4 Ra5 21. Nb5 Qc5 22. Qxb7 a3 23. Ra1 Nxc4 24. Nd4 Qxd4 25. Qxb4 Qb2 26. Rcb1 Qxb4 27. Rxb4 Rc8 28. Bh3 Rc7 29. Ra2 Kf8 30. Bg2 Ke7 31. Rb3 Nd2 32. Rd3 Rc1+ 33. Bf1 Nxf1 34. Kg2 Ke6 35. Rdxa3 Rxa3 36. Rxa3 Nd2 37. f3 Rc2 38. Kf2 g5 39. Ra8 g4 40. Ke3 gxf3 41. exf3 Nf1+ 42. Kf4 Nxh2 43. Re8+ Kd7 44. Rf8 Ke7 45. Rh8 Rc3 46. Rxh6 Rxf3+ 47. Kg5 Rxg3+ 48. Kf4 Rf3+ 49. Kg5 f6+ 50. Kg6 Ng4 51. Rh1 Ne5+ 52. Kh5 Rg3 53. Kh4 Rg4+ 54. Kh3 Rxe4 55. Kg3 Ke6 0-1

[Event "FICGS rapid B 000163 email"]
[Site "FICGS email"]
[Date "2010.10.24"]
[Round "1"]
[White "Sternik, Ryszard"]
[Black "Chobaut, Nicolas"]
[Result "0-1"]
[WhiteElo "1798"]
[BlackElo "1723"]
[PlyCount "104"]
[EventDate "2010.??.??"]
[EventType "tourn (rapid)"]
[EventRounds "1"]
[SourceTitle "Corr 2013"]
[Source "ChessBase"]
[SourceDate "2012.11.12"]
[SourceVersion "1"]
[SourceVersionDate "2012.11.12"]
[SourceQuality "1"]

1. e4 g6 2. d4 Bg7 3. Nc3 d6 4. f4 e6 5. Nf3 Ne7 6. Be3 b6 7. Qd2 Bb7 8. 0-0-0 Nd7 9. Bd3 Nf6 10. h3 0-0 11. g4 c5 12. g5 Nh5 13. Rhg1 Rc8 14. Be2 c4 15. a3 b5 16. d5 exd5 17. Nd4 dxe4 18. Ndxb5 d5 19. Bxh5 gxh5 20. Qf2 a6 21. Na7 Bxc3 22. Nxc8 Bxb2+ 23. Kxb2 Bxc8 24. Bb6 Qe8 25. Bd4 Bxh3 26. Bc3 Qb5+ 27. Ka2 Nf5 28. Qa7 Qa4 29. Kb2 Qc6 30. Ka2 Re8 31. Rb1 d4 32. Bxd4 Nxd4 33. Qxd4 e3 34. Rg3 Qe6 35. Qe5 c3+ 36. Ka1 Qc6 37. Qd4 e2 38. Rxc3 Qd7 39. Qxd7 Bxd7 40. Re1 h4 41. Rf3 Bg4 42. Rf2 h6 43. Rg2 h5 44. Kb2 Kg7 45. Rf2 Kg6 46. Kb3 h3 47. c4 Kf5 48. c5 h2 49. Rxh2 Kxf4 50. c6 Kg3 51. Rhh1 Bf3 52. Rhg1+ Kf2 0-1

[Event "FICGS rapid B 000138 email"]
[Site "FICGS email"]
[Date "2010.01.12"]
[Round "1"]
[White "Payzansky, Aleksey"]
[Black "Chobaut, Nicolas"]
[Result "1-0"]
[WhiteElo "1799"]
[BlackElo "1800"]
[PlyCount "61"]
[EventDate "2010.??.??"]
[EventType "tourn (rapid)"]
[EventRounds "6"]
[SourceTitle "Corr 2013"]
[Source "ChessBase"]
[SourceDate "2012.11.12"]
[SourceVersion "1"]
[SourceVersionDate "2012.11.12"]
[SourceQuality "1"]

1. e4 c5 2. Nf3 e6 3. d4 cxd4 4. Nxd4 Nc6 5. Nc3 a6 6. g3 Qc7 7. Bg2 Nge7 8. 0-0 Nxd4 9. Qxd4 Nc6 10. Qd1 Be7 11. Bf4 d6 12. Qd2 0-0 13. Rad1 Ne5 14. b3 b5 15. a4 b4 16. Ne2 Rb8 17. Nd4 Qc5 18. Be3 Qc7 19. Rc1 Ng4 20. c3 Nxe3 21. fxe3 Qb7 22. e5 d5 23. c4 Bd7 24. cxd5 exd5 25. Ne2 Be6 26. Nf4 Rfd8 27. Qd4 Rd7 28. Nxe6 fxe6 29. Bh3 Qb6 30. Qxb6 Rxb6 31. a5 1-0

[Event "FRA-ch Accession"]
[Site "Besancon"]
[Date "2006.08.25"]
[Round "10"]
[White "Chobaut, Nicolas"]
[Black "Pingue, Renaud"]
[Result "1/2-1/2"]
[WhiteElo "1974"]
[BlackElo "1932"]
[PlyCount "74"]
[EventDate "2006.08.15"]
[EventType "swiss"]
[EventRounds "10"]
[EventCountry "FRA"]
[SourceTitle "CBM 113 Extra"]
[Source "ChessBase"]
[SourceDate "2006.09.14"]
[SourceVersion "1"]
[SourceVersionDate "2006.09.14"]
[SourceQuality "1"]

1. d4 d5 2. Nf3 Nf6 3. c4 c6 4. Nc3 e6 5. Bg5 dxc4 6. e4 b5 7. e5 h6 8. Bh4 g5 9. exf6 gxh4 10. Ne5 Qxf6 11. a4 Bb4 12. Be2 Bb7 13. Bf3 Qe7 14. 0-0 Bxc3 15. bxc3 h3 16. g3 a6 17. Be4 Nd7 18. Bxc6 Bxc6 19. Nxc6 Qd6 20. Qf3 Rc8 21. axb5 axb5 22. Rfe1 Rxc6 23. Ra8+ Nb8 24. Rxb8+ Qxb8 25. Qxc6+ Kf8 26. Rb1 Kg7 27. Qe4 h5 28. Qh4 Qa8 29. Qxh3 Qf3 30. Rxb5 Qxc3 31. Qh4 Qc1+ 32. Kg2 c3 33. Qg5+ Qxg5 34. Rxg5+ Kf6 35. Rc5 Rd8 36. Rxc3 Rxd4 37. Kf3 Ra4 1/2-1/2